000 00397nam a2200145Ia 4500
008 210210b1998 xxu||||| |||| 00| 0 eng d
082 _a828.51 OSBP
100 _aOSBORN (Michael) and OSBORN (Suzanne).
245 _aPublic speaking. Ed 3.
250 _a
260 _aDelhi.
_bA.I.T.B.S. Publishers & Distributors.,
_c1998
300 _axxii,111
690 _aPublic Speaking
906 _a057235
999 _c104678
_d104678